000 01292nam a2200313 i 4500
003 EG-GICUC
005 20260211223449.0
008 260211s1997 ua ||||fr|||| 00| 0 ara d
040 _a EG-GICUC
_bara
_c EG-GICUC
_d EG-GICUC
_erda
041 _aara
082 0 4 _a343.442
_bع ز . م
_221
092 0 4 _221
099 _aLaw1 10 343.442 ع ز . م 1997 1006246
100 0 _aعزت مصطفى الدسوقي
_eمؤلف.
245 1 0 _aموسوعة شرح قانون الأحكام العسكرية.
_nالكتاب الأول،
_pقانون العقوبات /
_cدكتور عزت مصطفى الدسوقي .
264 1 _aالقاهرة :
_bدار محمود للنشر والتوزيع
_c1997 .
300 _a348 ؛ صفحة
_c24 سم
_bإيضاحيات، صور، مثيليات ؛
336 _2rda content
_atext
337 _2rda media
_aComputer
338 _2rda carrier
_aOnline Resource
504 _aيشتمل على إرجاعات ببليوجرافية.
546 _aالنص باللغة العربية
650 1 _aقانون العقوبات العسكري.
_2qrmak
650 1 _aقانون الإجراءات الجنائية
_2qrmak
651 1 _2qrmak
856 4 0 _uhttps://fll.law.cu.edu.eg/fulltext/bks/B10-06246.pdf
905 _a18
942 _2ddc
_cBK
_e21
_n0
999 _c62726
_d62726